| 000 | 01081nam a22002777a 4500 | ||
|---|---|---|---|
| 003 | OSt | ||
| 005 | 20170124103227.0 | ||
| 008 | 160913b xxu||||| |||| 00| 0 eng d | ||
| 010 | _aB-111808 | ||
| 020 |
_c450.00 _a818747108 |
||
| 035 | _aB-111808 | ||
| 037 | _bCen Lib / Ret | ||
| 040 |
_aDPL _bHN _cTIT |
||
| 082 |
_a230.1 _bराहुल |
||
| 100 |
_aवेदव्यास _9134280 |
||
| 245 |
_aमहाभारत : _cराहुल _bमूल कथा / |
||
| 246 |
_aMahabharat : mool katha / _bby Rahul |
||
| 260 |
_aनई दिल्ली _bस्टैण्डर्ड पब्लिशर्स _c2003 |
||
| 270 |
_aजी-126/2, स्ट्रीट न. 26, राजापुरी मेन रोड उतम नगर _bनई दिल्ली _e110059 |
||
| 300 | _av.2. 304p. ; v.2. 304p. ; | ||
| 650 |
_aMahabharata. _9143405 |
||
| 650 |
_aHindu philosophy. _9143406 |
||
| 650 |
_aमहाभारत _9143407 |
||
| 650 |
_a हिंदू दर्शन _9143408 |
||
| 942 |
_2ddc _cHN _h230.1 _mराहुल |
||
| 999 |
_c122178 _d122178 |
||